Contra el principio de las nacionalidades / (Record no. 103743)

MARC details
000 -LEADER
campo de control de longitud fija 01021nam a2200241 i 4500
001 - NÚMERO DE CONTROL
campo de control 103743
003 - IDENTIFICADOR DE NÚMERO DE CONTROL
campo de control ES-MaACL
005 - FECHA Y HORA DE LA ÚLTIMA TRANSACCIÓN
campo de control 20250902103430.0
007 - CAMPO FIJO DE DESCRIPCIÓN FÍSICA--INFORMACIÓN GENERAL
campo de control de longitud fija t|
008 - DATOS DE LONGITUD FIJA--INFORMACIÓN GENERAL
campo de control de longitud fija 051117s1920 sp ||||1| spa d
100 1# - ENTRADA PRINCIPAL--NOMBRE DE PERSONA
Nombre de persona Merino Alvarez, Abelardo.
9 (RLIN) 80534
245 10 - MENCIÓN DEL TÍTULO
Título Contra el principio de las nacionalidades /
Mención de responsabilidad, etc. Abelardo Merino Álvarez ; con un prólogo del marqués de Olivart...
260 ## - PUBLICACIÓN, DISTRIBUCIÓN, ETC.
Lugar de publicación, distribución, etc. Madrid :
Nombre del editor, distribuidor, etc. [s.n.],
Fecha de publicación, distribución, etc. 1920 (
Fabricante Imp. del Patronato de Huérfanos de Intendencia e Intervención Militares)
300 ## - DESCRIPCIÓN FÍSICA
Extensión 74 p. ;
Dimensiones 24 cm.
490 1# - MENCIÓN DE SERIE
Mención de serie Publicaciones del Boletín de la Real Sociedad Geográfica
650 14 - PUNTO DE ACCESO ADICIONAL DE MATERIA--TÉRMINO DE MATERIA
Término de materia o nombre geográfico como elemento de entrada Nacionalidad.
9 (RLIN) 15435
700 1# - ENTRADA AGREGADA--NOMBRE PERSONAL
Nombre de persona Olivart, Ramón María de Dalmau,
Títulos y otros términos asociados al nombre Marqués de,
Fechas asociadas al nombre 1861-1928
9 (RLIN) 130617
710 2# - ENTRADA AGREGADA--NOMBRE DE ENTIDAD CORPORATIVA
Nombre de entidad corporativa o nombre de jurisdicción como elemento de entrada Patronato de Huérfanos de Intendencia e Intervención Militares.
9 (RLIN) 6172
710 2# - ENTRADA AGREGADA--NOMBRE DE ENTIDAD CORPORATIVA
Nombre de entidad corporativa o nombre de jurisdicción como elemento de entrada Real Sociedad Geográfica
9 (RLIN) 6403
830 1# - PUNTO DE ACCESO ADICIONAL DE SERIE-TÍTULO UNIFORME
Título uniforme Publicaciones del Boletín de la Real Sociedad Geográfica
9 (RLIN) 184622
852 ## - LOCALIZACIÓN
Ubicación ES-MaACL
Número de control de estantería 1585-F-22
Holdings
Estatus retirado Estado de pérdida Estado de daño No para préstamo Colección Biblioteca de origen Biblioteca actual Ubicación en estantería Fecha de adquisición Fuente de adquisición Total de préstamos Signatura topográfica completa Código de barras Visto por última vez Precio de reemplazo Tipo de ítem Koha
        Colección de folletos Biblioteca del Ateneo de Madrid Biblioteca del Ateneo de Madrid Depósito folletos 17/01/2008     1585-F-22 1108315 23/02/2023 23/02/2023 Folleto